| 000 | 00575nam a2200145Ia 4500 | ||
|---|---|---|---|
| 005 | 20260209120127.0 | ||
| 008 | 260209s9999||||xx |||||||||||||| ||und|| | ||
| 100 | _aKavya P Asokan | ||
| 245 | 0 | _aLiberalization of banking sector in India | |
| 260 |
_aBangaloreBangalore _bNLSIU _c2009 |
||
| 300 | _a110 p. ; 25 cm. | ||
| 650 | _aBanking Sector Reforms Committees - India Banking Sectort Reforms - India Economic Reforms - India - Impact | ||
| 700 | _aProf. (Dr.) A Jayagovind - GuideProf. (Dr.) A Jayagovind - Guide | ||
| 856 | _uhttps://dans.nls.ac.in/handle/123456789/2001 | ||
| 999 |
_c216903 _d216903 |
||